000
00260nam a22001217a 4500
008
181107b xxu||||| |||| 00| 0 eng d
041
_a
eng
080
_a
101
100
_a
24
101
_a
FIL
245
_a
Approaches to Ethics
_c
Jones,W.T
942
_2
udc
_c
BK
999
_c
52083
_d
52083